| 000 | 00974cam a22002417a 4500 | ||
|---|---|---|---|
| 003 | OSt | ||
| 005 | 20150916141150.0 | ||
| 008 | 150429s2015 spc 001 0 spa d | ||
| 017 |
_aDL Gi 308-2015 _bBiblioteca de Catalunya |
||
| 020 | _a9788494319686 | ||
| 040 |
_bcat _cCDMR |
||
| 100 | 1 | _aArasa, Daniel | |
| 245 | 1 | 3 |
_aLa Batalla de las ondas en la Guerra Civil Española _b: protagonistas de la guerra psicológica en la radio : día a día de la información-propaganda en la Batalla del Ebro _cDaniel Arasa |
| 260 |
_aMaçanet de la Selva _bGregal _c2015 |
||
| 300 |
_a327 p. ; _c23 cm |
||
| 500 | _aA la portada: Proyecto Argán | ||
| 504 | _aBibliografia p. 299-308. Índex | ||
| 650 | 0 | 4 |
_aRàdio _zEspanya _xHistòria _y1936-1939 |
| 650 | 7 |
_aEbre, Batalla de l', 1938 _xCobertura periodística _2lemac |
|
| 651 | 7 |
_aEspanya _xHistòria _y1936-1939, Guerra Civil _xMitjans de comunicació de massa i guerra _2lemac |
|
| 830 | 0 | _aHistoria (Gregal) | |
| 942 |
_cMON _2udc |
||
| 999 |
_c6886 _d6886 |
||